¿Normas constitucionales inconstitucionales?

Bibliographic Details
Main Author: Bachof, Otto
Format: eBook
Language:Spanish
Published: Lima : Palestra Editores, 2010
Series:Tiempos del Constitucionalismo
Subjects:
Online Access:Acceso restringido

MARC

LEADER 00000nam a22000007a 4500
005 20111216122331.0
007 cr|||| ||||
008 111216s2010 sp |||||s|||| 00||0 spa d
020 |a 978-612-4047-19-0 
035 |a 6115 
040 |a vLex 
090 |c 2841  |d 2841 
100 1 |a Bachof, Otto 
245 1 1 |a ¿Normas constitucionales inconstitucionales?  |h [Recurso electrn̤ico] /  |c Otto Bachof  
256 |a Servicio en ln̕ea 
260 |a Lima :  |b Palestra Editores,  |c 2010 
300 |a 1 recurso electrn̤ico 
490 0 |a Tiempos del Constitucionalismo 
500 |a Discurso del autor en la Universidad de Heidelberg en 1952. Bachof defiende la existencia de un “Derecho suprapositivo” que ha de ser respetado por el propio Poder Constituyente como condicin̤ para la validez de la propia Constitucin̤. 
506 1 |a Contenido solo disponible en los productos indicados  |d vLex Global   |d vLex Global (Academic Edition, excluding Law Schools)   |d vLex Global (U.S. Academic Edition, Law Schools)   |d vLex Global (U.S. Academic Edition, excluding Law Schools)   |d vLex Global (Academic Edition, Law Schools)  
650 0 4 |a Derecho constitucional  |z Per︢ 
740 0 |a vLex Libros (Servicio en ln̕ea) 
856 4 0 |u http://vlex.com/source/normas-constitucionales-inconstitucionales-6115  |z Acceso restringido 
942 |c BOOK 
999 0 |a Constitutional law